[Event "26th WSCC 2016 Open 65+"]
[Site "Marianske Lazne, Czech Republic - Hotel Cristal and Continental"]
[Date "2016.11.27"]
[Round "8.46"]
[White "Briza, Jiri"]
[Black "Giulian, Philip M"]
[Result "0-1"]
[WhiteElo "1941"]
[BlackElo "2133"]
[PlyCount "60"]
[EventDate "2016.11.19"]

1. b3 e5 2. Bb2 Nc6 3. e3 g6 4. c4 Bg7 5. d3 d6 6. Nc3 f5 7. g3 Nf6 8. Bg2 O-O
9. Nge2 Ne7 10. Qc2 c6 11. a3 Be6 12. O-O g5 13. d4 e4 14. f3 exf3 15. Bxf3 d5
16. c5 Qd7 17. Rae1 Ng6 18. Bc1 Rae8 19. Kh1 Rf7 20. b4 h5 21. Ng1 h4 22. Bg2
hxg3 23. hxg3 Ne4 24. Bxe4 fxe4 25. Kg2 Ref8 26. Rxf7 Qxf7 27. Nd1 Bg4 28. Kh2
Ne7 29. Qg2 Qh5+ 30. Nh3 Bxd1 0-1

[Event "26th WSCC 2016 Open 65+"]
[Site "Marianske Lazne, Czech Republic - Hotel Cristal and Continental"]
[Date "2016.11.27"]
[Round "8.47"]
[White "Lang, Ferdinand"]
[Black "Kazantsev, Valentin"]
[Result "0-1"]
[WhiteElo "2133"]
[BlackElo "1953"]
[PlyCount "138"]
[EventDate "2016.11.19"]

1. e4 e5 2. Nf3 Nc6 3. Bb5 Nf6 4. d3 Bc5 5. c3 O-O 6. O-O d6 7. Nbd2 Qe7 8. h3
a6 9. Ba4 b5 10. Bb3 Bb7 11. Re1 Bb6 12. Nf1 Na5 13. Bc2 c5 14. Ng3 Bc8 15. Nh4
Ne8 16. Nhf5 Bxf5 17. Nxf5 Qf6 18. Qg4 Bd8 19. Re3 Ra7 20. Rg3 Kh8 21. a4 b4
22. cxb4 cxb4 23. Bd2 Rb7 24. Rc1 Rc7 25. Qh5 Qe6 26. Qd1 b3 27. Bb1 Rxc1 28.
Qxc1 Bb6 29. Bxa5 Bxa5 30. Qc4 g6 31. Qxa6 Bd2 32. Ne3 Nc7 33. Qb6 d5 34. Qxb3
Bxe3 35. Rxe3 d4 36. Qxe6 Nxe6 37. Re2 Nc5 38. a5 Rb8 39. Rd2 Rb5 40. Ba2 Kg7
41. Rc2 Na6 42. Bc4 Rxa5 43. Bxa6 Ra1+ 44. Kh2 Rxa6 45. Kg3 f5 46. Kf3 Kf6 47.
exf5 gxf5 48. Ke2 Rb6 49. f3 Rb3 50. Rd2 Kg5 51. g3 f4 52. Kf2 fxg3+ 53. Kxg3
Kf5 54. Kf2 Kf4 55. h4 h5 56. Ke2 Kg3 57. Rc2 Kxh4 58. f4 e4 59. Rd2 e3 60. Rd1
Kg4 61. Rg1+ Kf5 62. Rg5+ Kxf4 63. Rxh5 Rxb2+ 64. Ke1 Rd2 65. Rh4+ Ke5 66. Rh5+
Kd6 67. Kf1 Rxd3 68. Ke1 Rd2 69. Rg5 Ra2 0-1

[Event "26th WSCC 2016 Open 65+"]
[Site "Marianske Lazne, Czech Republic - Hotel Cristal and Continental"]
[Date "2016.11.27"]
[Round "8.48"]
[White "Goncharov, Viktor"]
[Black "Drozdov, Vladimir E"]
[Result "1-0"]
[WhiteElo "2125"]
[BlackElo "1919"]
[PlyCount "171"]
[EventDate "2016.11.19"]

1. Nf3 d5 2. g3 Nf6 3. Bg2 Bf5 4. O-O Nbd7 5. c4 c6 6. cxd5 cxd5 7. Qa4 e6 8.
Nc3 Be7 9. Nh4 Bg6 10. Nxg6 hxg6 11. d3 O-O 12. Bg5 a6 13. Rfc1 Qb6 14. Be3 Qb4
15. Qxb4 Bxb4 16. a3 Bd6 17. Na4 Rfc8 18. h3 Kf8 19. Kf1 Ke8 20. Ke1 Kd8 21.
Kd1 Rxc1+ 22. Rxc1 Rc8 23. Rxc8+ Kxc8 24. Nb6+ Kc7 25. Nxd7 Nxd7 26. Bd2 Bc5
27. Be1 Kb6 28. Kc2 Kb5 29. e3 Kc6 30. Bc3 Nf6 31. Bf3 Kc7 32. Be5+ Kc8 33. Kc3
Kd7 34. Bd1 Ke7 35. Ba4 Kd8 36. b4 Be7 37. Bd4 Kc7 38. Bc2 Kc6 39. a4 Bd6 40.
Kb3 Be7 41. Bd1 Bd6 42. Bc3 Be7 43. a5 Bd6 44. Ka3 Kc7 45. Ba4 Kd8 46. Kb2 Ke7
47. b5 axb5 48. Bxb5 Kd8 49. Kb3 Ke7 50. Kc2 Kd8 51. Kd2 Ke7 52. Ke2 Kd8 53. f4
Ke7 54. Kf3 Kd8 55. g4 Ke7 56. Ke2 Kd8 57. Kd2 Ke7 58. Kc2 Kd8 59. Kb3 Ke7 60.
Bd4 Kd8 61. Ka4 Ke7 62. Kb3 Kd8 63. Bb2 Bc5 64. Bc1 Kc7 65. Kc2 Bb4 66. Bd2 Bc5
67. Kd1 Kd6 68. Ke2 Ba3 69. Bc3 Ke7 70. Kd2 Bc5 71. g5 Nh5 72. Ke2 f6 73. Kf3
Bd6 74. Bd2 e5 75. h4 d4 76. fxe5 Bxe5 77. exd4 Bxd4 78. Bb4+ Ke6 79. Ke4 Bf2
80. d4 f5+ 81. Kd3 Bxh4 82. Bc6 Bxg5 83. Bxb7 Bd8 84. a6 Bb6 85. Bc5 Nf4+ 86.
Kc4 1-0

[Event "26th WSCC 2016 Open 65+"]
[Site "Marianske Lazne, Czech Republic - Hotel Cristal and Continental"]
[Date "2016.11.27"]
[Round "8.49"]
[White "Behling, Robert"]
[Black "Ilyes, Peter"]
[Result "1-0"]
[WhiteElo "2118"]
[BlackElo "1892"]
[PlyCount "99"]
[EventDate "2016.11.19"]

1. c4 g6 2. e4 Bg7 3. d4 d6 4. Nc3 Nf6 5. Nf3 O-O 6. Be2 Nbd7 7. O-O e5 8. Re1
exd4 9. Nxd4 Re8 10. f3 a5 11. Ndb5 Nc5 12. Be3 Ne6 13. Qd2 Nh5 14. g3 f5 15.
exf5 gxf5 16. f4 Nf6 17. h3 Ne4 18. Nxe4 fxe4 19. Rad1 Qf6 20. b3 Bd7 21. Bg4
Bxb5 22. cxb5 a4 23. b4 b6 24. f5 Nf8 25. Qd5+ Qf7 26. Qxf7+ Kxf7 27. Bh5+ Kg8
28. Bxe8 Rxe8 29. Bd4 Bh6 30. Re2 Kf7 31. Rc2 Re7 32. Kf2 Ke8 33. Be3 Bg7 34.
g4 h6 35. Bd4 Kd8 36. Bxg7 Rxg7 37. Ke3 Re7 38. Rc4 Re5 39. Rxe4 Rxb5 40. a3
Nd7 41. Kf4 Ne5 42. h4 Ke7 43. g5 h5 44. Rde1 Kf7 45. Rxe5 dxe5+ 46. Rxe5 Rxe5
47. Kxe5 c5 48. bxc5 b5 49. Kd4 b4 50. axb4 1-0

[Event "26th WSCC 2016 Open 65+"]
[Site "Marianske Lazne, Czech Republic - Hotel Cristal and Continental"]
[Date "2016.11.27"]
[Round "8.50"]
[White "Joukl, Zdenek"]
[Black "Kayaman, Metin"]
[Result "0-1"]
[WhiteElo "2108"]
[BlackElo "1732"]
[PlyCount "118"]
[EventDate "2016.11.19"]

1. e4 c5 2. Nf3 d6 3. c3 Nf6 4. Qc2 Bg4 5. Be2 Nbd7 6. d3 e6 7. O-O Be7 8. Re1
O-O 9. Nbd2 Rc8 10. a4 a6 11. a5 Nb8 12. Qb3 Qc7 13. Nc4 Nfd7 14. Bf4 e5 15.
Be3 Be6 16. Nfd2 Nc6 17. Qa4 f5 18. f3 d5 19. exd5 Bxd5 20. Reb1 Kh8 21. Bd1
Bf7 22. b4 cxb4 23. cxb4 Bg6 24. Nb6 Nxb6 25. Bxb6 Qd6 26. b5 axb5 27. Qxb5 Nb4
28. Rb3 Be8 29. Qxb4 Qxb4 30. Rxb4 Bxb4 31. Nc4 e4 32. Rb1 Bc5+ 33. Bxc5 Rxc5
34. Be2 Bc6 35. Kf2 Rd8 36. dxe4 fxe4 37. fxe4 Bxe4 38. Rb6 Bc6 39. a6 bxa6 40.
Rxa6 Rf8+ 41. Ke1 Bxg2 42. Ne3 Be4 43. Re6 Bf5 44. Re7 Bg6 45. Ra7 Re8 46. Ra3
Rce5 47. Kf2 h6 48. Rc3 Kh7 49. Ba6 Ra5 50. Bc4 Rf8+ 51. Ke2 Bh5+ 52. Kd3 Rf2
53. h3 Be2+ 54. Ke4 Bxc4 55. Nxc4 Raf5 56. Ne3 R5f4+ 57. Ke5 R4f3 58. Ng4 Rxc3
59. Nxf2 Rf3 0-1

[Event "26th WSCC 2016 Open 65+"]
[Site "Marianske Lazne, Czech Republic - Hotel Cristal and Continental"]
[Date "2016.11.27"]
[Round "8.51"]
[White "Muratoglu, Salih"]
[Black "Ricter, Jean-Paul"]
[Result "1-0"]
[WhiteElo "1897"]
[BlackElo "2108"]
[PlyCount "159"]
[EventDate "2016.11.19"]

1. d4 d6 2. c4 e5 3. Nf3 e4 4. Nfd2 f5 5. e3 Nf6 6. Nc3 Be7 7. Be2 O-O 8. O-O
c6 9. f3 d5 10. Qb3 Kh8 11. cxd5 cxd5 12. a4 Nc6 13. Bb5 a6 14. Bxc6 bxc6 15.
a5 Bd6 16. Qc2 Qc7 17. f4 c5 18. dxc5 Bxc5 19. Nb3 Ba7 20. Qd1 Rd8 21. Nd4 Rb8
22. h3 Rb4 23. Nce2 Bd7 24. b3 Rb7 25. Bd2 Ng8 26. Qe1 Ne7 27. Bb4 Nc6 28. Rc1
Rdb8 29. Bc5 Bxc5 30. Rxc5 Qd6 31. Qc3 Nb4 32. Rc1 Kg8 33. Rc7 Nd3 34. Rc2 Qf8
35. Nc1 Nb4 36. Rd2 Rxc7 37. Qxc7 Qc8 38. Qxc8+ Rxc8 39. Na2 Nxa2 40. Rxa2 Kf7
41. Kf2 Ke7 42. b4 g6 43. Rb2 Rb8 44. Ke2 Bb5+ 45. Kd2 Kd6 46. g4 fxg4 47. hxg4
Bd7 48. g5 Bb5 49. Rc2 Bc4 50. Kc3 Rc8 51. Kb2 Rb8 52. Ka3 Rb7 53. Rh2 Rf7 54.
Rh6 Kd7 55. Ka4 Kc8 56. Rh4 Kb7 57. Ka3 Bb5 58. Kb3 Bd7 59. Kc3 Ba4 60. Ne6 Kc8
61. Nc5 Bb5 62. Kd4 Bc4 63. Rh1 Re7 64. Na4 Rb7 65. Nb6+ Kd8 66. Rc1 Ke8 67.
Nxc4 dxc4 68. Rxc4 Kd7 69. Kxe4 Kd6 70. Kd4 Rb5 71. e4 Kd7 72. Ke3 Kd6 73. Kf3
Kd7 74. Kg4 Kd6 75. f5 Kd7 76. Kf4 Kd6 77. f6 Kd7 78. e5 Ke6 79. Rc6+ Kd7 80.
Rb6 1-0

[Event "26th WSCC 2016 Open 65+"]
[Site "Marianske Lazne, Czech Republic - Hotel Cristal and Continental"]
[Date "2016.11.27"]
[Round "8.53"]
[White "Haubt, Georg"]
[Black "Vrchotka, Josef"]
[Result "0-1"]
[WhiteElo "2205"]
[BlackElo "1994"]
[PlyCount "104"]
[EventDate "2016.11.19"]

1. d4 d5 2. Nf3 Nf6 3. Bf4 Bf5 4. e3 e6 5. Nbd2 Bd6 6. Ne5 O-O 7. Be2 Ne4 8. g4
Bg6 9. Nxe4 Bxe4 10. f3 Bg6 11. Qd2 Qe8 12. Nxg6 fxg6 13. Bg5 c5 14. c3 Nc6 15.
O-O Qf7 16. Rad1 Qc7 17. f4 cxd4 18. cxd4 Be7 19. Bxe7 Qxe7 20. Rc1 g5 21. f5
exf5 22. Bf3 Rad8 23. Rc5 Qe6 24. gxf5 Rxf5 25. Rf2 g4 26. Bg2 b6 27. Rc3 Ne7
28. Re2 Qd6 29. e4 dxe4 30. Bxe4 Rf6 31. d5 g6 32. Ree3 Nf5 33. Red3 Qf8 34.
Rc7 Nd6 35. Bg2 Rf7 36. Rdc3 Re8 37. Rc1 Rfe7 38. Qb4 Qf6 39. R7c6 Rd8 40. Qxg4
Qe5 41. Qb4 Nf5 42. Qc3 Nd4 43. Rc8 Ne2+ 44. Kh1 Rxc8 45. Qxc8+ Re8 46. Qc4
Nxc1 47. d6+ Kh8 48. d7 Rd8 49. Qxc1 Rxd7 50. h3 h5 51. Qc2 Re7 52. b3 Qg3 0-1

[Event "26th WSCC 2016 Open 65+"]
[Site "Marianske Lazne, Czech Republic - Hotel Cristal and Continental"]
[Date "2016.11.27"]
[Round "8.54"]
[White "Raikin, Leonid"]
[Black "De Haro, Martim Afonso Palma"]
[Result "1-0"]
[WhiteElo "2180"]
[BlackElo "1990"]
[PlyCount "109"]
[EventDate "2016.11.19"]

1. d4 d5 2. c4 dxc4 3. e3 Be6 4. Na3 Nf6 5. Nf3 c6 6. Bxc4 Bxc4 7. Nxc4 e6 8.
O-O Nbd7 9. Qe2 Be7 10. e4 O-O 11. Bg5 Nh5 12. Bxe7 Qxe7 13. g3 Nhf6 14. e5 Nd5
15. h4 c5 16. Nd6 cxd4 17. Nxd4 f6 18. f4 fxe5 19. fxe5 Rxf1+ 20. Rxf1 Rf8 21.
Rxf8+ Nxf8 22. Qb5 Qc7 23. Kh2 Qc1 24. Qe2 Qe3 25. Qxe3 Nxe3 26. Nxb7 Ng4+ 27.
Kg2 Nxe5 28. Nd8 Nd3 29. b3 a6 30. Kf3 e5 31. N4c6 g6 32. b4 Nd7 33. Ke4 Nf2+
34. Kd5 e4 35. Kd4 Nf6 36. Ne5 Kf8 37. Ne6+ Ke7 38. Nc5 Nd1 39. Nc4 e3 40. Kd3
Nd5 41. a3 h5 42. Nxa6 Nf2+ 43. Ke2 Nh1 44. Nxe3 Nxg3+ 45. Kf3 Nxe3 46. Kxg3
Nf5+ 47. Kh3 Kd6 48. b5 Kd7 49. a4 Kc8 50. Nc5 Kc7 51. a5 Nd4 52. b6+ Kc6 53.
b7 Kc7 54. a6 Nc6 55. Kg3 1-0

[Event "26th WSCC 2016 Open 65+"]
[Site "Marianske Lazne, Czech Republic - Hotel Cristal and Continental"]
[Date "2016.11.27"]
[Round "8.55"]
[White "Hanisch, Friedrich"]
[Black "Krstic, Slobodan"]
[Result "1/2-1/2"]
[WhiteElo "2160"]
[BlackElo "1993"]
[PlyCount "103"]
[EventDate "2016.11.19"]

1. d4 g6 2. c4 Bg7 3. Nc3 c5 4. e3 Nc6 5. Nf3 Nf6 6. d5 Na5 7. Be2 O-O 8. O-O
d6 9. Qc2 a6 10. e4 e5 11. a3 b6 12. Bg5 h6 13. Bxf6 Bxf6 14. b4 Nb7 15. Rab1
Bd7 16. Qb3 Rb8 17. Nd1 b5 18. Ne3 Be7 19. Nd2 Kh7 20. f4 exf4 21. Rxf4 Bg5 22.
Rf2 Qe7 23. Bf3 Qe5 24. Rd1 f5 25. Re1 f4 26. Ng4 Qd4 27. Kh1 h5 28. Ref1 hxg4
29. Bd1 a5 30. h3 Kg7 31. hxg4 Rh8+ 32. Kg1 Bh4 33. Nf3 Bxf2+ 34. Rxf2 Rh1+ 35.
Kxh1 Qxf2 36. Qc3+ Kf7 37. g5 Rg8 38. Qf6+ Ke8 39. e5 Rf8 40. Qxg6+ Kd8 41. Qg7
Re8 42. e6 Re7 43. Qf8+ Be8 44. g6 Qg3 45. Bc2 cxb4 46. axb4 a4 47. Nd4 Qh4+
48. Kg1 Kc7 49. Nf5 Qe1+ 50. Kh2 Bxg6 51. Qxe7+ Kb8 52. Nxd6 1/2-1/2

[Event "26th WSCC 2016 Open 65+"]
[Site "Marianske Lazne, Czech Republic - Hotel Cristal and Continental"]
[Date "2016.11.27"]
[Round "8.56"]
[White "Green, Per"]
[Black "Mlynek, Petr"]
[Result "1/2-1/2"]
[WhiteElo "1967"]
[BlackElo "2139"]
[PlyCount "103"]
[EventDate "2016.11.19"]

{Waiting for moves from server...} 1. d4 f5 2. g3 Nf6 3. Bg2 g6 4. c3 Bg7 5.
Qb3 c6 6. Nh3 Qb6 7. Nd2 d5 8. Nf3 O-O 9. Nf4 Ne4 10. Nd3 Be6 11. Bf4 Nd7 12.
Nde5 Ndf6 13. Ng5 Nxg5 14. Bxg5 Rae8 15. Bf4 Ng4 16. Qxb6 axb6 17. Nd3 Rc8 18.
h3 Nf6 19. Be5 Ne4 20. O-O c5 21. e3 g5 22. Bxg7 Kxg7 23. Kh2 h5 24. f4 g4 25.
h4 Bd7 26. Ne5 Bb5 27. Rfe1 Rc7 28. a4 Ba6 29. a5 bxa5 30. Rxa5 Rfc8 31. Ra3 e6
32. Rb3 Rd8 33. Ra1 Rd6 34. Ra5 cxd4 35. exd4 Nd2 36. Rb4 Nc4 37. Nxc4 Rxc4 38.
Raa4 Rcc6 39. Ra3 Rb6 40. Rab3 Rxb4 41. Rxb4 b6 42. Kg1 Bc4 43. Ra4 b5 44. Ra7+
Kg6 45. Bf1 Rb6 46. Bxc4 bxc4 47. Ra2 Kf6 48. Kf2 Ke7 49. Ke2 Kd6 50. Kd2 Kc6
51. Kc2 Kb7 52. Ra1 1/2-1/2

[Event "26th WSCC 2016 Open 65+"]
[Site "Marianske Lazne, Czech Republic - Hotel Cristal and Continental"]
[Date "2016.11.27"]
[Round "8.57"]
[White "Strand, Kjetil"]
[Black "Vrabec, Milos"]
[Result "0-1"]
[WhiteElo "1990"]
[BlackElo "2138"]
[PlyCount "90"]
[EventDate "2016.11.19"]

1. e4 c5 2. Nf3 Nc6 3. d4 cxd4 4. Nxd4 Qb6 5. Nb3 Nf6 6. Nc3 e6 7. Be3 Qc7 8.
a3 a6 9. g3 d6 10. Bg2 Be7 11. Qe2 b5 12. O-O Bb7 13. Rad1 O-O 14. f4 Rfe8 15.
g4 Bf8 16. g5 Nd7 17. Qh5 g6 18. Qh4 b4 19. Ne2 a5 20. Rf3 Bg7 21. Rh3 Nf8 22.
Nbd4 Nxd4 23. Nxd4 e5 24. Nb5 Qxc2 25. Rd2 Qb1+ 26. Kf2 Red8 27. f5 gxf5 28.
exf5 Qxf5+ 29. Kg1 d5 30. Rf2 Qd7 31. a4 d4 32. Bd2 Bxg2 33. Kxg2 Qb7+ 34. Rhf3
Rd7 35. Re2 Rc8 36. Qe1 Rc2 37. Kg3 e4 38. Rf1 e3 39. Bc1 Qe4 40. Qd1 Be5+ 41.
Kh3 Rxe2 42. Qxe2 Ne6 43. Qg4 Qc2 44. Qf5 Qxh2+ 45. Kg4 Qg3+ 0-1

[Event "26th WSCC 2016 Open 65+"]
[Site "Marianske Lazne, Czech Republic - Hotel Cristal and Continental"]
[Date "2016.11.27"]
[Round "8.58"]
[White "Bauder, Herbert"]
[Black "Hohler, Peter"]
[Result "1/2-1/2"]
[WhiteElo "1963"]
[BlackElo "2119"]
[PlyCount "45"]
[EventDate "2016.11.19"]

1. d4 Nf6 2. Nf3 b6 3. c4 e6 4. a3 Bb7 5. Nc3 d5 6. Bg5 Be7 7. e3 O-O 8. Bxf6
Bxf6 9. cxd5 exd5 10. Be2 Nd7 11. Qb3 c6 12. O-O Re8 13. Rad1 Nf8 14. Rfe1 Ne6
15. Qa2 a5 16. Qb1 Qb8 17. e4 dxe4 18. Nxe4 Qd8 19. Bc4 Nc7 20. Nxf6+ Qxf6 21.
Ne5 Nd5 22. Bxd5 cxd5 23. Re3 1/2-1/2

[Event "26th WSCC 2016 Open 65+"]
[Site "Marianske Lazne, Czech Republic - Hotel Cristal and Continental"]
[Date "2016.11.27"]
[Round "8.59"]
[White "Baeta, Marcio Netto"]
[Black "Casden, Alan"]
[Result "0-1"]
[WhiteElo "1981"]
[BlackElo "2102"]
[PlyCount "146"]
[EventDate "2016.11.19"]

1. c4 b6 2. Nc3 Bb7 3. e4 e6 4. Nf3 Bb4 5. d3 d5 6. Qa4+ Nc6 7. Bd2 Nge7 8.
cxd5 exd5 9. e5 O-O 10. d4 Nf5 11. Bd3 Nh4 12. O-O-O Nxf3 13. gxf3 Qh4 14. Nxd5
Bxd2+ 15. Rxd2 Nxe5 16. Be4 Rad8 17. dxe5 Rxd5 18. Rhd1 Rc5+ 19. Rc2 Qf4+ 20.
Rdd2 Bxe4 21. Rxc5 bxc5 22. Qxe4 Qxh2 23. f4 Qh6 24. Kc2 Qe6 25. b3 g6 26. Rd5
h5 27. Rxc5 Rd8 28. Rxc7 Qb6 29. Qc4 Qxf2+ 30. Kc1 Qe3+ 31. Kb2 Qd4+ 32. Ka3
Qxc4 33. Rxc4 Rd2 34. b4 h4 35. b5 h3 36. Rc1 Rd3+ 37. Kb2 Rd4 38. Rh1 Rxf4 39.
Rxh3 Re4 40. Rb3 Rxe5 41. a4 g5 42. a5 g4 43. b6 axb6 44. axb6 Re8 45. b7 Rb8
46. Kc3 g3 47. Kd4 g2 48. Rg3+ Kf8 49. Ke5 Rxb7 50. Rxg2 Ke7 51. Re2 Rb5+ 52.
Kf4+ Kf6 53. Re4 Rb1 54. Ra4 Rf1+ 55. Kg4 Kg6 56. Ra6+ f6 57. Rb6 Ra1 58. Rc6
Ra4+ 59. Kf3 Kg5 60. Rc3 f5 61. Rb3 Rh4 62. Rb8 Rh3+ 63. Kg2 Rc3 64. Rb2 Kg4
65. Kf2 f4 66. Kg2 Rg3+ 67. Kh2 Rh3+ 68. Kg2 f3+ 69. Kg1 Kg3 70. Rb3 Rh8 71.
Ra3 Rb8 72. Ra1 Rb2 73. Rc1 Rg2+ 0-1

[Event "26th WSCC 2016 Open 65+"]
[Site "Marianske Lazne, Czech Republic - Hotel Cristal and Continental"]
[Date "2016.11.27"]
[Round "8.61"]
[White "Nickl, Klaus"]
[Black "Cao, Jorge"]
[Result "1/2-1/2"]
[WhiteElo "2075"]
[BlackElo "1962"]
[PlyCount "34"]
[EventDate "2016.11.19"]

1. d4 Nf6 2. Bg5 g6 3. Bxf6 exf6 4. c4 f5 5. Nc3 Bg7 6. e3 O-O 7. Bd3 Re8 8.
Nge2 b6 9. O-O Bb7 10. Qc2 d6 11. Rae1 Nd7 12. Nf4 Nf6 13. Nfd5 c6 14. Nxf6+
Qxf6 15. f4 Re7 16. Re2 Rae8 17. Rfe1 h5 1/2-1/2

[Event "26th WSCC 2016 Open 65+"]
[Site "Marianske Lazne, Czech Republic - Hotel Cristal and Continental"]
[Date "2016.11.27"]
[Round "8.62"]
[White "Mckerracher, Douglas"]
[Black "Ashby, Anthony C"]
[Result "0-1"]
[WhiteElo "1962"]
[BlackElo "2074"]
[PlyCount "118"]
[EventDate "2016.11.19"]

1. e4 e6 2. d3 d5 3. Nd2 c5 4. g3 Nc6 5. Bg2 g6 6. Ngf3 Bg7 7. O-O Nge7 8. c3
b6 9. Re1 a5 10. exd5 exd5 11. d4 a4 12. Ne5 Nxe5 13. dxe5 Ra7 14. Nf3 h6 15.
h4 Be6 16. Bf4 Qd7 17. Qd2 b5 18. b3 Kf8 19. bxa4 Rxa4 20. Reb1 Kg8 21. Bf1 Ra5
22. a4 bxa4 23. Rb8+ Nc8 24. Rab1 Ra7 25. R1b5 Kh7 26. Rxc5 a3 27. Rb1 Rd8 28.
Nd4 Bf8 29. Rcb5 Ne7 30. Be3 Nf5 31. Nxf5 Bxf5 32. Bxa7 Bxb1 33. Rxb1 Qxa7 34.
Qa2 Qc5 35. e6 fxe6 36. Rb7+ Bg7 37. h5 Qxc3 38. hxg6+ Kg8 39. Rb3 Qf6 40. Rxa3
Qxg6 41. Bd3 Qf6 42. Ra8 Rxa8 43. Qxa8+ Kf7 44. Qb7+ Qe7 45. Qb1 Bd4 46. Qc2
Qc5 47. Qe2 Qc1+ 48. Kg2 Qg5 49. Qc2 Bf6 50. Qc7+ Be7 51. Qc2 h5 52. Be2 h4 53.
Qh7+ Qg7 54. Qh5+ Qg6 55. Qxg6+ Kxg6 56. gxh4 Bxh4 57. Bd3+ Kg5 58. f3 Kf4 59.
Bb1 e5 0-1

[Event "26th WSCC 2016 Open 65+"]
[Site "Marianske Lazne, Czech Republic - Hotel Cristal and Continental"]
[Date "2016.11.27"]
[Round "8.63"]
[White "Abel, Hans-Peter"]
[Black "Sand, Rolf"]
[Result "1/2-1/2"]
[WhiteElo "1923"]
[BlackElo "2068"]
[PlyCount "39"]
[EventDate "2016.11.19"]

1. d4 Nf6 2. c4 g6 3. g3 Bg7 4. Bg2 d5 5. cxd5 Nxd5 6. Nf3 Nb6 7. O-O Nc6 8. e3
e5 9. dxe5 Qxd1 10. Rxd1 Nxe5 11. Nbd2 O-O 12. Nxe5 Bxe5 13. Nb3 c6 14. Na5 Bg4
15. f3 Be6 16. Nxb7 Na4 17. f4 Bxb2 18. Bxb2 Nxb2 19. Rd4 Nc4 20. Kf2 1/2-1/2

[Event "26th WSCC 2016 Open 65+"]
[Site "Marianske Lazne, Czech Republic - Hotel Cristal and Continental"]
[Date "2016.11.27"]
[Round "8.64"]
[White "Zhelesny, Stanislav"]
[Black "Ben-Zeev, Moshe"]
[Result "1/2-1/2"]
[WhiteElo "2067"]
[BlackElo "1943"]
[PlyCount "28"]
[EventDate "2016.11.19"]

1. Nf3 c5 2. g3 g6 3. Bg2 Bg7 4. c4 Nf6 5. O-O d6 6. Nc3 Nc6 7. d4 cxd4 8. Nxd4
Bd7 9. Nxc6 Bxc6 10. Nd5 O-O 11. Bg5 Bxd5 12. cxd5 Rc8 13. Qd2 Qd7 14. Be3 a6
$11 1/2-1/2

[Event "26th WSCC 2016 Open 65+"]
[Site "Marianske Lazne, Czech Republic - Hotel Cristal and Continental"]
[Date "2016.11.27"]
[Round "8.65"]
[White "El Gheiadi, I."]
[Black "Hutchinson, Norman A"]
[Result "0-1"]
[WhiteElo "1918"]
[BlackElo "2062"]
[PlyCount "78"]
[EventDate "2016.11.19"]

1. e4 c6 2. d4 d5 3. e5 Bf5 4. Bd3 Bxd3 5. Qxd3 e6 6. Nf3 Nd7 7. O-O Ne7 8. Kh1
c5 9. c3 Nc6 10. a3 Na5 11. Nbd2 cxd4 12. Qxd4 Qc7 13. Re1 g6 14. b4 Nc6 15.
Qd3 Bg7 16. Nb3 Ncxe5 17. Nxe5 Bxe5 18. Nd4 O-O 19. Bh6 Rfc8 20. Rac1 Bf4 21.
Nb5 Qb8 22. Bxf4 Qxf4 23. g3 Qb8 24. Qe3 Rc4 25. Nd4 Qd6 26. Qh6 Nf6 27. f3
Rac8 28. Qg5 Kg7 29. Red1 Qa6 30. f4 Ne4 31. Qe5+ Kh6 32. g4 Rxc3 33. Rxc3 Rxc3
34. b5 Qxa3 35. Qh8 Nf2+ 36. Kg2 Nxg4 37. Rd2 Rh3 38. Re2 Rxh2+ 39. Kf1 Rh1+
0-1

[Event "26th WSCC 2016 Open 65+"]
[Site "Marianske Lazne, Czech Republic - Hotel Cristal and Continental"]
[Date "2016.11.27"]
[Round "8.66"]
[White "Hoeschele, Hans-Ulrich"]
[Black "Valtera, Jiri"]
[Result "1-0"]
[WhiteElo "2057"]
[BlackElo "1943"]
[PlyCount "113"]
[EventDate "2016.11.19"]

1. Nf3 c5 2. c3 Nc6 3. d4 d6 4. e3 e5 5. dxe5 dxe5 6. Qxd8+ Kxd8 7. Nbd2 f6 8.
e4 Be6 9. Bc4 Bxc4 10. Nxc4 b5 11. Ne3 Nge7 12. O-O g6 13. Rd1+ Kc7 14. Nd5+
Nxd5 15. Rxd5 Rd8 16. Rxd8 Kxd8 17. Be3 Be7 18. Nd2 Kc7 19. Kf1 Rd8 20. Ke2 Rd7
21. a3 Nd8 22. a4 Kc6 23. axb5+ Kxb5 24. b3 a5 25. Nc4 Nc6 26. Ra4 Rd8 27. Bd2
Rd7 28. Ne3 Bd8 29. f3 Ne7 30. Nd5 Nxd5 31. c4+ Ka6 32. exd5 Rb7 33. Ra3 f5 34.
Kd3 Re7 35. b4 e4+ 36. fxe4 cxb4 37. Bxb4 Rxe4 38. Bc5 Re1 39. Be3 Be7 40. Ra2
Bb4 41. Rc2 Bd6 42. h3 Ra1 43. c5 Ra3+ 44. Ke2 Be5 45. d6 Rc3 46. Rxc3 Bxc3 47.
Bg5 a4 48. d7 Ba5 49. d8=Q Bxd8 50. Bxd8 Kb5 51. Ke3 a3 52. Bf6 Kxc5 53. Be7+
Kd5 54. Bxa3 Ke5 55. Bb2+ Ke6 56. Kf4 h6 57. h4 1-0

[Event "26th WSCC 2016 Open 65+"]
[Site "Marianske Lazne, Czech Republic - Hotel Cristal and Continental"]
[Date "2016.11.27"]
[Round "8.67"]
[White "Friedman, Josef"]
[Black "Diaz Franco, Francisco Jorge"]
[Result "1-0"]
[WhiteElo "2187"]
[BlackElo "2019"]
[PlyCount "117"]
[EventDate "2016.11.19"]

1. d4 Nf6 2. c4 e6 3. g3 Bb4+ 4. Bd2 Be7 5. Bg2 d5 6. Nf3 O-O 7. O-O Nbd7 8. c5
c6 9. Nc3 Re8 10. Bf4 Bf8 11. b4 Nh5 12. Be3 e5 13. dxe5 Nxe5 14. Nxe5 Rxe5 15.
Bd4 Re8 16. e4 Nf6 17. exd5 Nxd5 18. Nxd5 cxd5 19. Qb3 Be6 20. Rac1 Qd7 21.
Rfe1 Rec8 22. Rcd1 Rd8 23. Rd2 b6 24. cxb6 axb6 25. a3 Qb5 26. Bf1 Qa4 27. Qxa4
Rxa4 28. Bb2 Be7 29. Bb5 Ra7 30. Re3 Bf6 31. Bxf6 gxf6 32. a4 Rc7 33. g4 Rc1+
34. Kg2 Rdc8 35. h3 Rb1 36. Rd4 Rcc1 37. Kg3 Rd1 38. Rxd1 Rxd1 39. Rd3 Rb1 40.
Rd4 Rb3+ 41. f3 Kg7 42. Bc6 Kf8 43. a5 bxa5 44. bxa5 Ra3 45. Ra4 Rxa4 46. Bxa4
Bc8 47. Bb5 Ke7 48. Kf2 Ke6 49. Ke3 f5 50. g5 f6 51. h4 fxg5 52. hxg5 Ke5 53.
f4+ Ke6 54. a6 Ke7 55. Kd4 Kd6 56. a7 Bb7 57. Ba6 Bc6 58. Bc8 Ke7 59. Bxf5 1-0

[Event "26th WSCC 2016 Open 65+"]
[Site "Marianske Lazne, Czech Republic - Hotel Cristal and Continental"]
[Date "2016.11.27"]
[Round "8.68"]
[White "Kopecek, Ivan"]
[Black "Gamboa Gonzalez, Anibal"]
[Result "0-1"]
[WhiteElo "1910"]
[BlackElo "2040"]
[PlyCount "70"]
[EventDate "2016.11.19"]

1. e4 Nf6 2. e5 Nd5 3. Nc3 Nb6 4. Nf3 d6 5. d4 Bg4 6. h3 Bh5 7. g4 Bg6 8. e6
fxe6 9. Ng5 Nc6 10. Nxe6 Qd7 11. d5 Nb4 12. Nd4 N4xd5 13. Nxd5 Nxd5 14. Bg2 c6
15. O-O e5 16. Ne2 Be7 17. f4 Nxf4 18. Nxf4 exf4 19. Rxf4 Bf6 20. g5 Be5 21.
Rf1 Rf8 22. Be3 Rxf1+ 23. Qxf1 Ke7 24. Qe2 Qf5 25. Rd1 Qxc2 26. Rd2 Qb1+ 27.
Rd1 Qxb2 28. Rd2 Qb1+ 29. Rd1 Qf5 30. Rf1 Qe6 31. Qf2 Qc4 32. Rc1 Qa4 33. Rf1
b6 34. h4 Qg4 35. Kh1 Bg3 0-1

[Event "26th WSCC 2016 Open 65+"]
[Site "Marianske Lazne, Czech Republic - Hotel Cristal and Continental"]
[Date "2016.11.27"]
[Round "8.69"]
[White "Leitner, Walter"]
[Black "Vatansever, Abdullah"]
[Result "1-0"]
[WhiteElo "2039"]
[BlackElo "1938"]
[PlyCount "122"]
[EventDate "2016.11.19"]

1. d4 Nf6 2. Bf4 e6 3. e3 d5 4. Nf3 a6 5. Nbd2 c5 6. c3 Nc6 7. Bd3 b6 8. O-O
Bd6 9. Re1 cxd4 10. cxd4 Bb7 11. Rc1 Rc8 12. Qe2 a5 13. Ne5 O-O 14. a3 g6 15.
Bh6 Re8 16. f4 Re7 17. Bg5 Rec7 18. Rcd1 Be7 19. Nef3 Kg7 20. Kf1 h6 21. Bh4
Ng8 22. Bxe7 Ngxe7 23. g4 Qd6 24. Qg2 Rh8 25. h3 Bc8 26. Kf2 Bd7 27. Rg1 Rcc8
28. h4 h5 29. g5 Nf5 30. Bxf5 exf5 31. Rc1 Ne7 32. Ne5 Ba4 33. b3 Bb5 34. a4
Ba6 35. Rgd1 Qb4 36. Ke1 Rc3 37. Rxc3 Qxc3 38. Qf3 Rc8 39. Nd7 Qb4 40. Nf6 Qd6
41. Kf2 Bd3 42. Kg3 Be4 43. Qe2 Qc6 44. Qa6 Qc2 45. Qe2 Rc7 46. Re1 Bd3 47. Qd1
Qxd1 48. Rxd1 Be4 49. Kf2 Kf8 50. Ke2 Nc8 51. Ndxe4 dxe4 52. Nd5 Rc6 53. Kd2
Ke8 54. Rc1 Kd7 55. Nf6+ Kd6 56. Rc4 Na7 57. d5 Rc5 58. Rd4 b5 59. b4 axb4 60.
Rxb4 Rc7 61. a5 Nc8 1-0